01693cam a22003015a 45000010009000000050017000090080041000260200029000670400033000960820019001291000033001482450117001812600063002983000035003615000024003965040041004205200542004616500024010036500033010276500054010606500044011146530020011586550024011787000031012029420008012339990017012419520133012581764199420150526110630.0130228t2013 flua frb 001 0 eng d a9781439872819 (hardback) aDLCbengcDLCdDLCdEG-ScBUE00a662.6222bBAB1 aBabu, M. K. Gajendra.93808210aAlternative transportation fuels :butilisation in combustion engines /cM. K. Gajendra Babu, K. A. Subramanian. aBoca Raton :bCRC Press / Taylor & Francis Group,cc.2013. axxiii, 440 p. :bill.;c25 cm. aIndex : p. 435-440. aIncludes bibliographical references. a"Co-authored by a renowned researcher in energy studies, this book discusses the production, distribution, and applications of alternative fuels with respect to different modes of transportation (land, sea, and aviation). Much of the emphasis is on applications of these fuels in internal combustion engines. The authors provide an in-depth analysis of engine combustion, including injection, spray, combustion, performance, and emissions. The book also highlights greenhouse gases (GHGs), in view of climate change and global warming"-- 0aMotor fuels.2BUEsh 0aFuel switching.2BUEsh94380 0aSpark ignition enginesxAlternative fuels.2BUEsh 0aDiesel motorxAlternative fuels.2BUEsh bENGGENcMay2015 vreading book9342321 aSubramanian, K. A.,d1971- 2ddc c19438d19410 00102ddc40708BaccahaMAINbMAINc1STd2015-05-26epurchaseg680.00l0o662.6 BABp000038326r2025-07-15 00:00:00v850.00yBB